Obálka Náhled e-knihy:
Epub
Pro půjčování e-knih musíte být přihlášeni.
Jak si půjčit online?

Nedokončená vražda /

Další volné pokračování detektivní série s oblíbenou dvojicí vyšetřovatelů Jess Campbellovou a Ianem Certerem, kteří tentokrát řeší dvacet let starý případ zmizení.

Uloženo v:
Série:Jess Campbellová a Ian Carter, část 6
Hlavní autor: Granger, Ann, 1939- (Autor)
Další autoři: Procházková, Petra, 1991- (Autor)
Médium: E-kniha
Jazyk:Czech
Vydáno: Brno : MOBA, 2021
Vydání:Vydání první
Témata:
Příbuzné jednotky:Z cyklu:: Jess Campbellová a Ian Carter
Tagy:
Žádné tagy
LEADER 02687cam a2200457 i 4500
001 311279
003 CZ PrSKC
005 20260601215702.0
007 ta
008 210129s2021 xr g 000 f cze d
015 |a cnb003304563 
020 |a 9788024394534  |q (vázáno) 
035 |a (OCoLC)1245647799 
040 |a CBA001  |b cze  |d ABG001  |d ABA001  |e rda 
041 1 |a cze  |h eng 
072 7 |a 821.111-3  |x Anglická próza, anglicky psaná  |2 Konspekt 
080 |a 821.111-31  |2 MRF 
080 |a (0:82-312.4)  |2 MRF 
100 1 |a Granger, Ann,  |d 1939-  |7 xx0014450  |4 aut 
240 1 0 |a Unfinished murder.  |l Česky 
245 1 0 |a Nedokončená vražda /  |c Ann Granger ; překlad Petra Procházková 
250 |a Vydání první 
264 1 |a Brno :  |b MOBA,  |c 2021 
300 |a 301 stran ;  |c 21 cm 
336 |a text  |b txt  |2 rdacontent 
337 |a bez média  |b n  |2 rdamedia 
338 |a svazek  |b nc  |2 rdacarrier 
500 |a Přeloženo z angličtiny 
500 |a Obálkový podnázev: anglická detektivka 
520 2 |a Další volné pokračování detektivní série s oblíbenou dvojicí vyšetřovatelů Jess Campbellovou a Ianem Certerem, kteří tentokrát řeší dvacet let starý případ zmizení.  |b Alan Markby za svou policejní kariéru dokázal vyřešit hodně případů. Ale některé také zůstaly bez odpovědí. Jedním z nich je dvacet let starý případ pohřešované Rebeccy Hellingtonové, která odjela na víkend navštívit rodiče, a od té doby ji už nikdo neviděl. Když se k Markbymu dostane informace, která vrhá na její zmizení nové světlo, roztáčí se tím kolotoč událostí, které ovlivní život nejen Markbymu a jeho ženě Meredith, ale také komisaři Carterovi a inspektorce Campbellové, kteří se na případu podílejí. Kam Rebecca před dvaceti lety odjela? Co se jí stalo? A proč se nové důkazy vynořují až po dvaceti letech? Nakladatelská anotace. 
655 7 |a anglické romány  |7 fd131814  |2 czenas 
655 7 |a detektivní romány  |7 fd132010  |2 czenas 
655 9 |a English fiction  |2 eczenas 
655 9 |a detective novels  |2 eczenas 
700 1 |a Procházková, Petra,  |d 1991-  |7 xx0244215  |4 trl 
787 0 8 |i Z cyklu:  |t Jess Campbellová a Ian Carter  |g 6 
900 |a ABA001  |b 20 
044 |a xr 
910 |a RBIT002 
998 |d 306786  |a https://core.palmknihy.cz/api/books/306786/cover?qmytf3  |b https://core.palmknihy.cz/api/books/306786/cover/400?qmytf3  |c https://core.palmknihy.cz/api/books/306786/cover/50?qmytf3  |e 2026-10-31  |g 304  |i 9788024394534  |j https://core.palmknihy.cz/api/books/306786/preview.epub  |l   |q 49  |r 1  |s https://www.palmknihy.cz/kniha/306786  |t ebook  |y 2021  |z 0  |v Jess Campbellová a Ian Carter  |w 6 
999 |d 311277